झोत (Record no. 324905)

MARC details
000 -LEADER
fixed length control field 00471nam a2200169Ia 4500
008 - FIXED-LENGTH DATA ELEMENTS--GENERAL INFORMATION
fixed length control field 090711s9999 xx 000 0 und d
082 ## - DEWEY DECIMAL CLASSIFICATION NUMBER
Item number 234
100 ## - MAIN ENTRY--PERSONAL NAME
Personal name अकोलकर प्रकाश
245 ## - TITLE STATEMENT
Title झोत
260 ## - PUBLICATION, DISTRIBUTION, ETC. (IMPRINT)
Name of publisher, distributor, etc अनुभव प्रकाशन
Date of publication, distribution, etc 1997
300 ## - PHYSICAL DESCRIPTION
Extent 189
600 ## - SUBJECT ADDED ENTRY--PERSONAL NAME
Personal name अकोलकर प्रकाश
630 ## - SUBJECT ADDED ENTRY--UNIFORM TITLE
Uniform title झोत
700 ## - ADDED ENTRY--PERSONAL NAME
Personal name अकोलकर प्रकाश
730 ## - ADDED ENTRY--UNIFORM TITLE
Uniform title झोत
942 ## - ADDED ENTRY ELEMENTS (KOHA)
Koha item type Book

No items available.